| 000 | 00711nam a2200241 a 4500 | ||
|---|---|---|---|
| 001 | BRL_1633 | ||
| 005 | 20190320211311.0 | ||
| 008 | 150414s1945----mx-ab#####---#000-0#spa-# | ||
| 041 | _aspa | ||
| 044 | _amx | ||
| 050 | 4 |
_aF799 _b.I23 1945 |
|
| 100 | 1 |
_aIbarra de Anda, Fortino _d1895- _927494 |
|
| 245 | 1 | 0 |
_aEl Padre kino _bmisionero y gobernante _cpor F. Ibarra de Anda. |
| 260 |
_aMéxico _bEdiciones Xochitl _c1945 |
||
| 300 |
_a188 p. _bil., mapas _c20 cm. |
||
| 440 | 0 |
_aVidas mexicanas _v22 _927495 |
|
| 500 | _aAu1862 | ||
| 500 | _aEstado físico: Despegada la pasta | ||
| 504 | _aBibliografía: p. [190] | ||
| 600 | 1 | 4 |
_aKino, Eusebio Francisco _d1644-1711 _927496 |
| 902 | _aGRL | ||
| 942 |
_2lcc _cB |
||
| 999 |
_c10442 _d10442 |
||